000 00490cam a22001217a 4500
008 180718b1972 xxu||||| |||| 00| 0 eng d
082 _aA81x54 In2/71/14/PT10A&10B/BEL
100 _aCensus of India 1971
245 _aMysore district census handbook, Bellary: town and village directory, primary census abstract
260 _aBangalore
_bThe Director of Printing, Stationery and Publications
_c1972
300 _a235+p.
440 _aCensus of India 1971. Series-14, Mysore. Part X-A & Part X-B
999 _c485874
_d485874